Tìm hiểu hiện trạng sử dụng đất của huyện Phú Ninh, tỉnh Quảng Nam giai đoạn 2005-2008. Định hướng sử dụng đất đến năm 2015

Khái niệm chung về đất, các nhân tố hình thành đất. Hiện trạng sử dụng đất của huyện Phú Ninh tỉnh Quảng Nam. Định hướng và giải pháp sử dụng đất của huyện Phú Ninh, tỉnh Quảng Nam đến năm 2015...

Na minha lista:
Detalhes bibliográficos
Autor principal: Lê. Kiều Lệ Dương (Tác giả)
Outros Autores: Hoàng Thị Diệu Hiền ThS. (Người hướng dẫn)
Formato: Livro
Idioma:Vietnamese
Publicado em: Đà Nẵng ĐH Sư Phạm 2010
Colecção:Khóa luận tốt nghiệp. Chuyên ngành: Cử nhận Địa lý
Assuntos:
Tags: Adicionar Tag
Sem tags, seja o primeiro a adicionar uma tag!
Thư viện lưu trữ: Mạng thư viện Đại học Đà Nẵng
LEADER 01648nam a2200361 4500
001 000011897
003 8176
005 20120216150208.0
008 120213s2010 viesd
041 |a vie 
072 |a Khóa luận tốt nghiệp 
082 |a 333.7  |b LE-D 
100 |a Lê. Kiều Lệ Dương  |e Tác giả 
245 |a Tìm hiểu hiện trạng sử dụng đất của huyện Phú Ninh, tỉnh Quảng Nam giai đoạn 2005-2008. Định hướng sử dụng đất đến năm 2015  |c Lê. Kiều Lệ Dương 
260 |a Đà Nẵng  |b ĐH Sư Phạm  |c 2010 
300 |a 57 tr  |b Hình ảnh  |c 29 cm 
490 |a Khóa luận tốt nghiệp. Chuyên ngành: Cử nhận Địa lý 
500 |a Khoa Địa lý 
520 |a Khái niệm chung về đất, các nhân tố hình thành đất. Hiện trạng sử dụng đất của huyện Phú Ninh tỉnh Quảng Nam. Định hướng và giải pháp sử dụng đất của huyện Phú Ninh, tỉnh Quảng Nam đến năm 2015... 
653 |a Sử dụng đất 
653 |a Phú Ninh 
653 |a Quảng Nam 
700 |a Hoàng Thị Diệu Hiền  |c ThS.  |e Người hướng dẫn 
OWN |a LSP 
AVA |a UDN50  |b LSP  |d 333.7 LE-D  |e available  |t Error 5001 Not defined in file expand_doc_bib_avail.  |f 1  |g 0  |h N  |i 0  |k 1 
999 |a From the UDN01 
AVA |a UDN50  |b LSP  |d 333.7 LE-D  |e available  |t Error 5001 Not defined in file expand_doc_bib_avail.  |f 1  |g 0  |h N  |i 0  |k 1 
TYP |a Monograph 
TYP |a Printed language 
980 |a Mạng thư viện Đại học Đà Nẵng